000 00273nam a2200109Ia 4500
008 190914s9999||||xx |||||||||||||| ||und||
100 _aHerta A. Murphy
245 0 _aEffective Business Communication
260 _aNew Delhi
_bMcGraw Hill
_c2001
300 _a726
942 _cBK
999 _c8594
_d8594